Inselstaaten - Sudden Death - Statistiken

Allgemein
  • Dieses Quiz wurde 2.403 mal gespielt
  • Das Durchschnittsergebnis liegt bei 14 aus 20
Answers on the Grid
Answers color-coded by a green-red scale on the quiz's grid according to % correct below.
Madagaskar
Philippinen
Kuba
Sri Lanka
Haiti
Fidschi
Osttimor
Vanuatu
Zypern
Brunei
Kap Verde
São Tomé und Príncipe
Bahrain
Tonga
Singapur
St. Lucia
Antigua und Barbuda
Grenada
Malta
Tuvalu
San Marino
Estland
Kambodscha
Katar
Armenien
Panama
Costa Rica
Uruguay
Äquatorialguinea
Guinea Bissau
Dschibuti
Burundi
Thailand
Bhutan
Sudan
Sierra Leone
Gambia
Togo
Eswatini
Guyana
 
Antwortstatistiken
Antwort % Korrekt
Fidschi
80%
Zypern
79%
Haiti
78%
Kuba
78%
Madagaskar
78%
Malta
78%
Sri Lanka
78%
Philippinen
77%
St. Lucia
77%
Tuvalu
77%
Vanuatu
76%
Kap Verde
75%
São Tomé und Príncipe
75%
Antigua und Barbuda
72%
Tonga
69%
Grenada
67%
Osttimor
60%
Singapur
54%
Bahrain
42%
Brunei
41%
Keine übereinstimmenden Quizze gefunden
Verteilung der Resultate
Anzahl Personen mit jedem Resultat
Perzentil nach korrekt beantworteten Fragen
Ihre Resultats-Entwicklung
Sie haben dieses Quiz noch nicht gespielt